Responses for Show #961 - Monday, November 7, 1988

1988 Tournament of Champions quarterfinal game 1.

Contestants

[<< previous game]

Richard Perez-Pena, a journalist originally from Cuba

Kate Waits, a law professor from Albany, New York

Bruce Naegeli, a librarian from Phoenix, Arizona

[next game >>]

Jeopardy! Round responses

PRESIDENTS
MOVIE CLASSICS
"NEW" ON THE MAP
POP SINGERS
DOLLS
ALL EARS
    $100 12
George Washington

Richard
    $100 30
[Alex reads "W.R." as "William Randolph".]

Citizen Kane

Kate
    $100 28
(Richard: What is New Jersey?)
(Kate: What is New Mexico?)

New Hampshire

BruceKateRichard
    $100 27
Eartha Kitt

Bruce
    $100 19
the packaging (or original box)

Kate
    $100 29
the elephant

Kate
    $200 6
[NOTE: The other possible correct response, Frances Folsom Cleveland (Preston), was not mentioned.]

Jacqueline Kennedy

Kate
    $200 11
Died

Bruce
    $200 16
New Brunswick

Richard
    $200 17
Alice Cooper

Kate
    $200 26
it was anatomically correct

Richard
    $200 22
rabbit ears

Kate
    $300 5
Marine Band

Bruce
    $300 7
Sunset Boulevard

Kate
    $300 15
New Orleans

Kate
    $300 8
Sting

Kate
    $300 23
(Kate: What is the Netherlands?)
(Bruce: What is Saxony? Dresden?)
...
(Alex: [Before And as a matter of fact After review, it was found that Saxony was just inside the German border, so Bruce, you pick up $600 more...)

Germany

BruceKateRichard
    $300 18
the lobe (or earlobe)

Richard
    $400 2
a gift (or office, title or emolument)

Kate
    $400 4
Gregory Peck

Bruce
    $600 14
New Zealand

Richard
    $400 9
Shirley Jones

Kate
    $400 24
the Dionne Quints

Richard
    $400 20
Swim Team

Kate
    $500 1
(Alex: Jack, Chip, and Jeff were their nicknames.)

John, James or Donnel

Triple Stumper
    $500 3
Greer Garson & Walter Pidgeon

Kate
    $500 13
New Caledonia

Richard
    $500 10
Paul Anka

Kate
    $500 25
(Alex: And we've got about a minute to go.)

Skipper

Triple Stumper
    $500 21
the (Lincoln) penny

Bruce

Scores at the first commercial break (after clue 13):

Bruce Kate Richard
$900 $2,600 $600

Scores at the end of the Jeopardy! Round:

Bruce Kate Richard
$1,900 $3,600 $2,500

Double Jeopardy! Round responses

DRAMA
EUROPEAN HISTORY
ARCHITECTURE
BOOKS & AUTHORS
SCIENTISTS
THE THREE R's
    $200 30
Herman Wouk

Richard
    $200 6
Benito Mussolini

Bruce
    $200 11
a buttress

Bruce
    $200 23
Victor Hugo

Bruce
    $200 18
Fahrenheit

Richard
    $200 29
numbers

Richard
    $400 27
Oscar Wilde

Kate
    $400 5
(Kate: What is 1,200?)

700

BruceKate
    $400 10
a canopy

Bruce
    $400 22
Goodbye, Mr. Chips

Triple Stumper
    $400 17
Wernher Von Braun

Bruce
    $400 28
writer's cramp

Bruce
    $2,400 26
(Alex: We've got less than a minute to go.)

Becket

Kate
    $3,900 4
(Bruce: Well, what the heck, it's only money--I'll try all of it!)

Nicholas II (Czar of Russia)

Bruce
    $600 9
a woman

Bruce
    $600 21
(Kate: What is Nicholas Nickleby?)

The Mystery of Edwin Drood

BruceKate
    $600 16
Omar Khayyam

Bruce
    $600 25
(Richard: What is National Scholastic?)

The Weekly Reader

KateRichard
    $800 19
(Richard: What is Anne Frank?)
(Alex: Be more specific.)

The Diary of Anne Frank

Richard
    $800 2
George I

Richard
    $800 8
St. Basil's

Bruce
    $800 20
The Red and the Black

Richard
    $800 14
Geiger

Richard
    $800 24
(Kate: What is Gothic?)
(Richard: What is block?)

italics

KateRichard
Triple Stumper
    $1000 3
Mother Courage

Bruce
    $1000 1
the Franco-Prussian War

Bruce
    $1000 7
Doric

Richard
    $1000 12
Tortilla Flat

Triple Stumper
    $1000 13
Newton

Richard
    $1000 15
Why Johnny Can't Read

Bruce

Scores at the end of the Double Jeopardy! Round:

Bruce Kate Richard
$13,600 $5,200 $6,900

Final Jeopardy! Round responses

WORLD CITIES
(Alex: [To Kate] It was called Mont Royale--the "Royal Mountain".)
KateWhat is Montreal?
$5,200
RichardWhat is Montreal
$6,900
BruceWhat is Montreal?
$201
Montreal

Final scores:

Bruce Kate Richard
$13,801 $10,400 $13,800
Automatic semifinalist 3rd place: $1,000 if eliminated 2nd place: $1,000 if eliminated

Game dynamics:

Coryat scores:

Bruce Kate Richard
$10,300 $3,400 $6,700
22 R
(including 1 DD),
0 W
17 R
(including 1 DD),
5 W
17 R
(including 1 DD),
3 W

Combined Coryat: $20,400

[game clues] [game scores] [suggest correction]

Game tape date: 1988-10-24
The J! Archive is created by fans, for fans. Scraping, republication, monetization, and malicious use prohibited; this site may use cookies and collect identifying information. See terms. The Jeopardy! game show and all elements thereof, including but not limited to copyright and trademark thereto, are the property of Jeopardy Productions, Inc. and are protected under law. This website is not affiliated with, sponsored by, or operated by Jeopardy Productions, Inc. Join the discussion at JBoard.tv.